Normal view MARC view
  • English language -- Rhetoric | Report writing

Entry Geographic Name

Number of records used in: 2

001 - CONTROL NUMBER

  • control field: 125558

003 - CONTROL NUMBER IDENTIFIER

  • control field: NUST

005 - DATE AND TIME OF LATEST TRANSACTION

  • control field: 20240831115922.0

008 - FIXED-LENGTH DATA ELEMENTS

  • fixed length control field: 240831|| aca||aabn | a|a d

040 ## - CATALOGING SOURCE

  • Original cataloging agency: NUST
  • Transcribing agency: NUST

151 ## - HEADING--GEOGRAPHIC NAME

  • Geographic name: English language -- Rhetoric | Report writing

670 ## - SOURCE DATA FOUND

  • Source citation: Work cat.: (NUST): Langan, John , College Writing Skills with Readings /, c2023
© 2023 Central Library, National University of Sciences and Technology. All Rights Reserved.